Sports Quiz

Random Sports or NFL Quiz

Giants/Patriots Rematch Quiz Stats

 Plays Quiz Updated Feb 2, 2012

Challenge
Share
Tweet
Embed
Score 0/23 Timer 03:00
0 Plays Today
% Correct
Eli Manning
98.4%
Tom Brady
97.2%
Ahmad Bradshaw
80.4%
Brandon Jacobs
77.8%
Wes Welker
76.1%
Justin Tuck
61%
Lawrence Tynes
52.9%
Stephen Gostkowski
50.4%
Vince Wilfork
50.3%
Kevin Faulk
48.7%
Matt Light
38.9%
Osi Umenyiora
37.5%
% Correct
Logan Mankins
32.4%
Chris Snee
32.3%
David Diehl
32.2%
DJ Ware
29.1%
Aaron Ross
27.4%
Corey Webster
27%
Kareem McKenzie
16.4%
Chase Blackburn
15.3%
Zak DeOssie
13.9%
Kevin Boothe
8.9%
Dave Tollefson
6.6%

You're not logged in!

Compare scores with friends on all Sporcle quizzes.
Join for Free
OR
Log In

You Might Also Like...

Show Comments

Extras

Top Quizzes Today


Score Distribution

Your Account Isn't Verified!

In order to create a playlist on Sporcle, you need to verify the email address you used during registration. Go to your Sporcle Settings to finish the process.

Report this User

Report this user for behavior that violates our Community Guidelines.

Details: